000 00483nam a22002057a 4500
001 22112
005 20260323113605.0
008 260323b |||||||| |||| 00| 0 spa d
041 _aESP
082 _a720
_bCH554
100 _aChing, Francis D. K.
245 _aArquitectura: forma, espacio y orden
260 _a :
_b ,
_c2013
300 _axiii, 430 páginas :
_b ;
_c30 cm.
440 _a ;
650 _aADE
654 _aCAU
700 _a;
942 _cLIB
_dJUS
_fJUS
_2ddc
999 _c22112
_d22112